[Event "Aarhus Sommerskak 2021"]
[Site "Aarhus"]
[Date "2021.07.28"]
[Round "3"]
[White "Berg, Klaus"]
[Black "Christensen, Jan Schleicher"]
[Result "1-0"]
[WhiteElo "2285"]
[BlackElo "2171"]
[PlyCount "125"]
[EventDate "2021.07.26"]
[EventType "swiss"]
[EventRounds "9"]
[EventCountry "DEN"]

1. Nf3 Nf6 2. c4 c5 3. Nc3 e6 4. e3 d5 5. d4 a6 6. cxd5 exd5 7. Be2 Nc6 8. O-O
c4 9. Ne5 Bb4 10. Nxc6 bxc6 11. Qc2 O-O 12. b3 cxb3 13. axb3 a5 14. Ba3 Bg4 15.
Bxg4 Nxg4 16. Bxb4 axb4 17. Rxa8 Qxa8 18. Na4 Qb8 19. g3 Qd6 20. Qf5 Nf6 21.
Rc1 Ne4 22. Qf4 Qd7 23. Nc5 Nxc5 24. dxc5 Qb7 25. Ra1 Qb5 26. Qd6 h6 27. Ra4
Re8 28. Ra7 Rf8 29. Ra4 Qd3 30. Rxb4 Ra8 31. Rb8+ Rxb8 32. Qxb8+ Kh7 33. Qf4
Qxb3 34. Qxf7 Qb1+ 35. Kg2 Qe4+ 36. Kh3 Qc2 37. Qf8 Qb1 38. Kg2 Qe4+ 39. Kh3
Qb1 40. f3 Qd3 41. e4 Qf1+ 42. Kg4 dxe4 43. Qf5+ g6 44. Qf7+ Kh8 45. Qe8+ Kh7
46. Qe7+ Kh8 47. Qxe4 Qb5 48. Qe5+ Kh7 49. h4 Qc4+ 50. f4 Qd3 51. Qc7+ Kg8 52.
Qxc6 Qf5+ 53. Kf3 Qd3+ 54. Kf2 Qd2+ 55. Kg1 Qe1+ 56. Kg2 Qe2+ 57. Kh3 Qd3 58.
Qa8+ Kh7 59. Qa7+ Kh8 60. Qa1+ Kh7 61. Qc1 Qd7+ 62. Kh2 Qc6 63. Qc2 1-0

[Event "Aarhus Sommerskak 2021"]
[Site "Aarhus"]
[Date "2021.07.28"]
[Round "3"]
[White "Easwaralingam, Adesh"]
[Black "Bank, Pelle Rodkjaer"]
[Result "0-1"]
[WhiteElo "2141"]
[BlackElo "2320"]
[PlyCount "51"]
[EventDate "2021.07.26"]
[EventType "swiss"]
[EventRounds "9"]
[EventCountry "DEN"]

1. e4 g6 2. d4 Bg7 3. Nc3 Nc6 4. Nf3 d5 5. exd5 Nb4 6. Bf4 Nf6 7. Be5 O-O 8.
Be2 Bf5 9. O-O Bxc2 10. Qd2 Bf5 11. Nh4 Bc8 12. Rac1 Nbxd5 13. Bf3 c6 14. g3
Be6 15. Na4 Nd7 16. Bxg7 Kxg7 17. Bg2 N5b6 18. Nc3 Nf6 19. f4 Nc4 20. Qf2 Ng4
21. Qe2 Qxd4+ 22. Kh1 Qe3 23. f5 Qxe2 24. Nxe2 Bd5 25. Bxd5 cxd5 26. Nf4 0-1

[Event "Aarhus Sommerskak 2021"]
[Site "Aarhus"]
[Date "2021.07.28"]
[Round "3"]
[White "Parra Becerra, Edgar Andre"]
[Black "Georgescu, Lena"]
[Result "1-0"]
[WhiteElo "2150"]
[BlackElo "2257"]
[PlyCount "47"]
[EventDate "2021.07.26"]
[EventType "swiss"]
[EventRounds "9"]
[EventCountry "DEN"]

1. e4 c5 2. Nf3 d6 3. d4 cxd4 4. Nxd4 Nf6 5. Nc3 a6 6. Bc4 e6 7. Bb3 b5 8. Bg5
Be7 9. Qf3 Qb6 10. Nf5 exf5 11. Bxf6 gxf6 12. O-O-O Ra7 13. Rhe1 Nc6 14. Qh5
Ne5 15. f4 Nc4 16. Nd5 Qc5 17. exf5 Rf8 18. Qh6 Bxf5 19. Rxe7+ Rxe7 20. Nxf6+
Kd8 21. Qxf8+ Kc7 22. Qxe7+ Kc6 23. Qe8+ Kb6 24. Nd5+ 1-0

[Event "Aarhus Sommerskak 2021"]
[Site "Aarhus"]
[Date "2021.07.28"]
[Round "3"]
[White "Koellner, Aaron Noah"]
[Black "Pedersen, Peer Ole"]
[Result "0-1"]
[WhiteElo "2257"]
[BlackElo "2081"]
[PlyCount "120"]
[EventDate "2021.07.26"]
[EventType "swiss"]
[EventRounds "9"]
[EventCountry "DEN"]

1. d4 d5 2. Bf4 e6 3. e3 Bd6 4. Bg3 Bxg3 5. hxg3 c5 6. c3 cxd4 7. exd4 Nc6 8.
Nf3 Bd7 9. Bd3 Nf6 10. Nbd2 Qc7 11. Qe2 h6 12. Ne5 Rf8 13. O-O O-O-O 14. Rfc1
Kb8 15. b4 h5 16. Ndf3 Ng4 17. Nxc6+ Qxc6 18. a4 f6 19. a5 Qd6 20. b5 e5 21.
Bg6 e4 22. Nh4 e3 23. f4 Be8 24. b6 Bxg6 25. bxa7+ Kxa7 26. Nxg6 Rfe8 27. a6 b6
28. c4 dxc4 29. Rxc4 Rd7 30. Rac1 b5 31. Rc6 Qxd4 32. f5 Rb8 33. Nf4 Rb6 34.
Rc8 Rxa6 35. Ne6 Qd5 36. Nf4 Qd2 37. Qf3 Qf2+ 38. Kh1 Qxf3 39. gxf3 Nf2+ 40.
Kg2 Ra2 41. Kf1 Rd1+ 42. Rxd1 Nxd1 43. Nxh5 b4 44. Rc1 Nc3 45. Nxg7 Kb6 46. Ne8
Rf2+ 47. Kg1 Ne2+ 48. Kh1 Nxg3+ 49. Kg1 Ne2+ 50. Kh1 Nxc1 51. Kg1 Ne2+ 52. Kh1
Rxf3 53. Nd6 Rf4 54. Nc8+ Kc5 55. Ne7 b3 56. Nd5 Rh4+ 57. Kg2 Nf4+ 58. Kg3 Nxd5
59. Kxh4 e2 60. Kh5 e1=Q 0-1

[Event "Aarhus Sommerskak 2021"]
[Site "Aarhus"]
[Date "2021.07.28"]
[Round "4"]
[White "Koellner, Ruben Gideon"]
[Black "Ahlander, Bjorn"]
[Result "1-0"]
[WhiteElo "2407"]
[BlackElo "2408"]
[PlyCount "79"]
[EventDate "2021.07.26"]
[EventType "swiss"]
[EventRounds "9"]
[EventCountry "DEN"]

1. d4 Nf6 2. Bg5 d5 3. e3 c5 4. Bxf6 exf6 5. dxc5 Bxc5 6. c3 O-O 7. Nf3 f5 8.
Be2 f4 9. exf4 Qb6 10. O-O Qxb2 11. Nbd2 Nc6 12. Nb3 Bb6 13. Rc1 Qxa2 14. Bd3
g6 15. f5 Bxf5 16. Bxf5 gxf5 17. Nh4 Qa4 18. Nxf5 Qf4 19. Qh5 f6 20. Nbd4 Rae8
21. g3 Qg5 22. Nh6+ Kh8 23. Nf7+ Rxf7 24. Qxf7 Rg8 25. Nxc6 bxc6 26. Rce1 Qg7
27. Re7 f5 28. Rfe1 Bc5 29. Qxg7+ Rxg7 30. Rxg7 Kxg7 31. Re6 d4 32. Rxc6 Bb6
33. c4 Kf7 34. c5 Ba5 35. Ra6 Bc3 36. Kf1 d3 37. Rxa7+ Ke6 38. Rxh7 Kd5 39.
Rd7+ Ke4 40. c6 1-0

[Event "Aarhus Sommerskak 2021"]
[Site "Aarhus"]
[Date "2021.07.28"]
[Round "4"]
[White "Fries Nielsen, Jens Ove"]
[Black "Heimisson, Hilmir Freyr"]
[Result "1-0"]
[WhiteElo "2359"]
[BlackElo "2317"]
[PlyCount "63"]
[EventDate "2021.07.26"]
[EventType "swiss"]
[EventRounds "9"]
[EventCountry "DEN"]

1. e4 c5 2. Nf3 d6 3. Bb5+ Nd7 4. d4 cxd4 5. Qxd4 a6 6. Bxd7+ Bxd7 7. c4 Bg4 8.
Nbd2 Nf6 9. O-O e6 10. h3 Bh5 11. b3 Be7 12. Ba3 O-O 13. e5 Ne8 14. Ne4 Bxf3
15. gxf3 d5 16. Bxe7 Qxe7 17. cxd5 exd5 18. Qxd5 Nc7 19. Qd6 Rae8 20. Rac1 Ne6
21. Qxe7 Rxe7 22. Rc4 Rd8 23. Nd6 g5 24. Rfc1 Nf4 25. Rc8 Red7 26. Kh2 Kg7 27.
Rxd8 Rxd8 28. Rc7 Kg6 29. Rxb7 f6 30. Rb6 Rd7 31. Ne4 Nd5 32. Rxa6 1-0

[Event "Aarhus Sommerskak 2021"]
[Site "Aarhus"]
[Date "2021.07.28"]
[Round "4"]
[White "Ramsdal, Jens Albert"]
[Black "Antonsen, Mikkel"]
[Result "0-1"]
[WhiteElo "2282"]
[BlackElo "2407"]
[PlyCount "46"]
[EventDate "2021.07.26"]
[EventType "swiss"]
[EventRounds "9"]
[EventCountry "DEN"]

1. d4 Nf6 2. c4 e6 3. Nf3 d5 4. g3 dxc4 5. Bg2 c6 6. Ne5 Bb4+ 7. Bd2 Be7 8. e3
b5 9. Nxc6 Nxc6 10. Bxc6+ Bd7 11. Bxa8 Qxa8 12. f3 e5 13. O-O exd4 14. exd4 O-O
15. b3 Qd5 16. Be3 Bh3 17. Nc3 Qf5 18. Re1 Bb4 19. Rc1 Rc8 20. Bf2 cxb3 21. Re5
b2 22. Rxf5 Bxf5 23. Ne2 Rxc1 0-1

[Event "Aarhus Sommerskak 2021"]
[Site "Aarhus"]
[Date "2021.07.28"]
[Round "4"]
[White "Olsson, William"]
[Black "Berg, Klaus"]
[Result "1/2-1/2"]
[WhiteElo "2221"]
[BlackElo "2285"]
[PlyCount "95"]
[EventDate "2021.07.26"]
[EventType "swiss"]
[EventRounds "9"]
[EventCountry "DEN"]

1. c4 g6 2. Nc3 Bg7 3. d4 d6 4. e4 e5 5. Nf3 Nc6 6. d5 Nce7 7. Be2 f5 8. exf5
gxf5 9. Ng5 Nf6 10. Bh5+ Kf8 11. Bf7 h6 12. Ne6+ Bxe6 13. Bxe6 Qe8 14. Nb5 Qg6
15. Qf3 Ne8 16. Bd7 a6 17. Nc3 Kg8 18. g4 fxg4 19. Qxg4 Qxg4 20. Bxg4 h5 21.
Be6+ Kh7 22. Ne4 Bh6 23. Rg1 Rf8 24. Bg5 Ng6 25. Bd7 Bxg5 26. Rxg5 Nf4 27. Kd2
Nf6 28. Bf5+ Kh6 29. Rag1 Nxe4+ 30. Bxe4 Rf7 31. h4 a5 32. b3 b6 33. Ke3 Raf8
34. f3 Rf6 35. a3 R6f7 36. Kd2 Ra8 37. Kc2 Raf8 38. Kb2 Ra8 39. a4 Raf8 40. Ka2
Ra8 41. Ka3 Raf8 42. b4 Rb8 43. Kb3 Rbf8 44. c5 bxc5 45. b5 Rb8 46. Kc4 Rc8 47.
Rg8 Rcf8 48. R8g5 1/2-1/2

[Event "Aarhus Sommerskak 2021"]
[Site "Aarhus"]
[Date "2021.07.28"]
[Round "4"]
[White "Bank, Pelle Rodkjaer"]
[Black "Parra Becerra, Edgar Andre"]
[Result "1-0"]
[WhiteElo "2320"]
[BlackElo "2150"]
[PlyCount "79"]
[EventDate "2021.07.26"]
[EventType "swiss"]
[EventRounds "9"]
[EventCountry "DEN"]

1. e4 c5 2. a3 g6 3. Bc4 Bg7 4. h4 e6 5. Nc3 Ne7 6. d3 d5 7. Ba2 b5 8. exd5
Nxd5 9. Ne4 Qb6 10. h5 Nd7 11. h6 Bf8 12. Nf3 Bb7 13. Qe2 Be7 14. Bg5 f6 15.
Bd2 O-O 16. O-O Kh8 17. Nc3 Rae8 18. Rfe1 Nc7 19. Rab1 a5 20. Ne4 b4 21. Bc4
Qc6 22. c3 Nb6 23. Ba2 bxa3 24. bxa3 c4 25. Nd4 cxd3 26. Qxd3 Qd7 27. Rxb6 Bd5
28. Bxd5 Qxd5 29. Rc6 Rc8 30. c4 Qd7 31. Bxa5 e5 32. Rxc7 Rxc7 33. Bxc7 exd4
34. Bb6 Qe6 35. Qxd4 Bxa3 36. Bd8 Be7 37. Bxe7 Qxe7 38. Re3 Kg8 39. Qd5+ Kh8
40. c5 1-0

[Event "Aarhus Sommerskak 2021"]
[Site "Aarhus"]
[Date "2021.07.28"]
[Round "4"]
[White "Thuesen, Mogens Henrik"]
[Black "Rewitz, Poul"]
[Result "1-0"]
[WhiteElo "2178"]
[BlackElo "2289"]
[PlyCount "123"]
[EventDate "2021.07.26"]
[EventType "swiss"]
[EventRounds "9"]
[EventCountry "DEN"]

1. e4 c6 2. d4 d5 3. e5 Bf5 4. Nd2 e6 5. Nb3 Nd7 6. Nf3 h6 7. Be2 Ne7 8. O-O g5
9. Ne1 c5 10. dxc5 Nc6 11. Nd3 Qc7 12. Be3 a6 13. f4 Be7 14. Bg4 gxf4 15. Bxf4
Bxg4 16. Qxg4 O-O-O 17. Qh5 Rdf8 18. Rae1 Nd8 19. Be3 Rh7 20. c3 Rg8 21. Re2
Rgg7 22. Nd4 Nxc5 23. Nxc5 Bxc5 24. Rf6 Bf8 25. Kh1 Qc4 26. b3 Qd3 27. Rf1 Be7
28. Qf3 h5 29. Rd2 Qe4 30. c4 Qxf3 31. Nxf3 dxc4 32. Rc2 Rg4 33. h3 Re4 34. Bg5
f5 35. exf6 Bf8 36. Rfc1 b5 37. a4 Rc7 38. Nd2 Rd4 39. axb5 axb5 40. bxc4 b4
41. Nf3 Re4 42. Nd2 Rd4 43. h4 e5 44. Re1 Nf7 45. Nf3 Rdxc4 46. Rxc4 Rxc4 47.
Nxe5 Nxe5 48. Rxe5 Kd7 49. Rb5 Re4 50. g3 Ke6 51. Kg2 Bd6 52. Rb6 Re2+ 53. Kf3
Re1 54. Bf4 Rd1 55. f7 Kxf7 56. Rxd6 Rf1+ 57. Ke2 Rb1 58. Rb6 b3 59. Kd2 Rb2+
60. Kc3 Rc2+ 61. Kxb3 Rc5 62. Kb4 1-0

[Event "Aarhus Sommerskak 2021"]
[Site "Aarhus"]
[Date "2021.07.28"]
[Round "4"]
[White "Christensen, Jan Schleicher"]
[Black "Koellner, Christoph"]
[Result "1/2-1/2"]
[WhiteElo "2171"]
[BlackElo "2149"]
[PlyCount "67"]
[EventDate "2021.07.26"]
[EventType "swiss"]
[EventRounds "9"]
[EventCountry "DEN"]

1. d4 d6 2. e4 Nf6 3. Nc3 e5 4. Nf3 Nbd7 5. Bc4 Be7 6. a4 exd4 7. Nxd4 O-O 8.
O-O Ne5 9. Ba2 Nc6 10. h3 Nb4 11. Bb1 c5 12. Nf3 Be6 13. Re1 h6 14. Bf4 a6 15.
Bh2 Re8 16. Na2 Nc6 17. Nc3 Qb6 18. Nd5 Bxd5 19. exd5 Nb4 20. c3 Nbxd5 21. Ba2
Qc6 22. Qd3 Nc7 23. Bf4 Rad8 24. Bxh6 c4 25. Bxc4 d5 26. Ba2 gxh6 27. Ne5 Qb6
28. Qg3+ Kf8 29. Qf4 Bc5 30. Qxh6+ Kg8 31. Qg5+ Kf8 32. Qh6+ Kg8 33. Qg5+ Kf8
34. Qh6+ 1/2-1/2

[Event "Aarhus Sommerskak 2021"]
[Site "Aarhus"]
[Date "2021.07.28"]
[Round "4"]
[White "Pedersen, Peer Ole"]
[Black "Easwaralingam, Adesh"]
[Result "1-0"]
[WhiteElo "2081"]
[BlackElo "2141"]
[PlyCount "109"]
[EventDate "2021.07.26"]
[EventType "swiss"]
[EventRounds "9"]
[EventCountry "DEN"]

1. c4 e5 2. Nc3 Nf6 3. g3 Bb4 4. Bg2 Bxc3 5. bxc3 O-O 6. d3 Re8 7. e4 c6 8. Nf3
d6 9. O-O h6 10. Re1 Be6 11. a4 a5 12. Rb1 Qc8 13. Qb3 Re7 14. Ba3 Rd7 15. d4
b5 16. dxe5 Bxc4 17. Qc2 Ne8 18. Bh3 Be6 19. Bxe6 fxe6 20. axb5 cxb5 21. Rxb5
Nc6 22. Qb3 Rf7 23. c4 a4 24. Qd3 dxe5 25. Rc5 Qc7 26. Qc3 Qd7 27. Nxe5 Nxe5
28. Rxe5 Rb8 29. Qc2 Rb3 30. Rd1 Qc6 31. Rc5 Qb7 32. Rb5 Rxb5 33. cxb5 Qxb5 34.
Qc8 Kh7 35. Qxe6 Qb3 36. Qxb3 axb3 37. Rd3 Rb7 38. Bb2 Kg8 39. e5 Kf7 40. Kf1
Ke6 41. f4 Rb6 42. Ke2 g5 43. Ke3 gxf4+ 44. gxf4 Kf5 45. Rd8 Nc7 46. Rf8+ Kg4
47. f5 Rc6 48. e6 Rc2 49. h3+ Kxh3 50. Be5 b2 51. Rb8 Nd5+ 52. Kd3 Rf2 53. Ke4
Ne7 54. Rxb2 Rxf5 55. Rb7 1-0

[Event "Aarhus Sommerskak 2021"]
[Site "Aarhus"]
[Date "2021.07.28"]
[Round "4"]
[White "Georgescu, Lena"]
[Black "Koellner, Aaron Noah"]
[Result "1-0"]
[WhiteElo "2257"]
[BlackElo "2257"]
[PlyCount "81"]
[EventDate "2021.07.26"]
[EventType "swiss"]
[EventRounds "9"]
[EventCountry "DEN"]

1. e4 c5 2. Nf3 e6 3. d4 cxd4 4. Nxd4 Nc6 5. Nc3 Qc7 6. Be3 a6 7. g4 b5 8. Nxc6
Qxc6 9. Qd2 b4 10. Ne2 Nf6 11. f3 Bb7 12. g5 Nxe4 13. fxe4 Qxe4 14. O-O-O d5
15. Ng3 Qh4 16. Qg2 e5 17. Rxd5 Be7 18. Bd3 g6 19. Be4 Bxd5 20. Bxd5 Bxg5 21.
Qd2 Bxe3 22. Qxe3 O-O 23. Bxa8 Rxa8 24. Qxe5 Rc8 25. b3 Qh6+ 26. Kb1 Qd2 27.
Qe4 a5 28. Qd3 Qg2 29. Qe2 Qc6 30. Rf1 a4 31. bxa4 Qxa4 32. Ne4 Qc6 33. Rf2 Kg7
34. Ng5 Rc7 35. Qe5+ Kg8 36. Ne4 f5 37. Nd6 Qb6 38. Qe6+ Kf8 39. Qf6+ Kg8 40.
Qd8+ Kg7 41. Qxc7+ 1-0

[Event "Aarhus Sommerskak 2021"]
[Site "Aarhus"]
[Date "2021.07.29"]
[Round "5"]
[White "Fries Nielsen, Jens Ove"]
[Black "Koellner, Ruben Gideon"]
[Result "0-1"]
[WhiteElo "2359"]
[BlackElo "2407"]
[PlyCount "96"]
[EventDate "2021.07.26"]
[EventType "swiss"]
[EventRounds "9"]
[EventCountry "DEN"]

1. d4 d5 2. Nf3 Nf6 3. g3 e6 4. c4 dxc4 5. Qa4+ Nbd7 6. Bg2 a6 7. Qxc4 b5 8.
Qc2 Bb7 9. a4 c5 10. axb5 axb5 11. Rxa8 Qxa8 12. dxc5 Be4 13. Qd1 Bxb1 14. b4
Be4 15. O-O Be7 16. Bb2 O-O 17. Qd2 Qd5 18. Qc1 Nb8 19. Rd1 Qb7 20. Qc3 Rd8 21.
Ra1 Ne8 22. Qa3 Bf6 23. Bf1 Nc6 24. Bxf6 Nxf6 25. Ne1 Ne5 26. f3 Bc6 27. Qc3
Ng6 28. e4 Qd7 29. Nc2 Qd2 30. Ra3 Kf8 31. Qxd2 Rxd2 32. Rc3 Ne8 33. Na1 Rd4
34. Nc2 Rd1 35. Ra3 Rd2 36. Ne1 Nc7 37. Ra7 Rd7 38. Nd3 f6 39. Kf2 Ke7 40. Be2
Kd8 41. Ke3 e5 42. h4 Ne7 43. Ra5 Rd4 44. Bf1 Bd7 45. f4 Nc6 46. fxe5 Rxd3+ 47.
Bxd3 Nxa5 48. bxa5 fxe5 0-1

[Event "Aarhus Sommerskak 2021"]
[Site "Aarhus"]
[Date "2021.07.29"]
[Round "5"]
[White "Antonsen, Mikkel"]
[Black "Bank, Pelle Rodkjaer"]
[Result "1/2-1/2"]
[WhiteElo "2407"]
[BlackElo "2320"]
[PlyCount "107"]
[EventDate "2021.07.26"]
[EventType "swiss"]
[EventRounds "9"]
[EventCountry "DEN"]

1. d4 Nc6 2. d5 Ne5 3. Nc3 d6 4. e4 c6 5. f4 Nd7 6. Nf3 cxd5 7. Qxd5 Ngf6 8.
Qd2 e5 9. b3 Be7 10. Bb2 O-O 11. O-O-O a6 12. g4 b5 13. g5 b4 14. Nd5 Nxd5 15.
exd5 a5 16. Rg1 Qb6 17. Bc4 Ba6 18. Bxa6 Rxa6 19. fxe5 dxe5 20. Nxe5 Nxe5 21.
Bxe5 Bc5 22. Rge1 a4 23. d6 axb3 24. cxb3 Rd8 25. d7 Ra7 26. Bf4 Qc6 27. Re8+
Rxe8 28. dxe8=Q+ Qxe8 29. Qd8 Ra8 30. Qxe8+ Rxe8 31. Rd5 Rc8 32. Kb2 Bf8 33.
Bd2 Rb8 34. Kc2 h6 35. gxh6 gxh6 36. Rd4 Kh7 37. Kd3 f5 38. Kc4 Kg6 39. h4 Be7
40. Rd7 Rc8+ 41. Kd3 Bf8 42. Rd4 Rb8 43. Kc4 Rc8+ 44. Kb5 Rb8+ 45. Kc6 Kh5 46.
Kd7 Rb6 47. Ke8 Bd6 48. Kf7 Ra6 49. Bxb4 Bxb4 50. Rxb4 Rxa2 51. Rf4 Re2 52. Kf6
Re4 53. Kxf5 Rb4 54. Rxb4 1/2-1/2

[Event "Aarhus Sommerskak 2021"]
[Site "Aarhus"]
[Date "2021.07.29"]
[Round "5"]
[White "Ahlander, Bjorn"]
[Black "Berg, Klaus"]
[Result "0-1"]
[WhiteElo "2408"]
[BlackElo "2285"]
[PlyCount "72"]
[EventDate "2021.07.26"]
[EventType "swiss"]
[EventRounds "9"]
[EventCountry "DEN"]

1. d4 d5 2. c4 dxc4 3. Nf3 Nf6 4. e3 e6 5. Bxc4 c5 6. O-O a6 7. a4 Nc6 8. Qe2
Be7 9. Rd1 Qc7 10. Nc3 O-O 11. d5 exd5 12. Nxd5 Nxd5 13. Bxd5 Bf6 14. h3 Re8
15. e4 Be6 16. Qc4 Bxd5 17. Rxd5 b6 18. Ra3 Nb4 19. Rd1 Rad8 20. Re1 b5 21.
axb5 axb5 22. Qe2 c4 23. Re3 Nd3 24. Rd1 Be7 25. Qc2 Bc5 26. Re2 Nb4 27. Rxd8
Rxd8 28. Qc3 Rd3 29. Qe1 Rxf3 30. gxf3 Qg3+ 31. Kh1 Qxh3+ 32. Kg1 Qg3+ 33. Kh1
Qxf3+ 34. Kg1 Nd3 35. Qd2 Qg3+ 36. Kh1 Bxf2 0-1

[Event "Aarhus Sommerskak 2021"]
[Site "Aarhus"]
[Date "2021.07.29"]
[Round "5"]
[White "Heimisson, Hilmir Freyr"]
[Black "Thuesen, Mogens Henrik"]
[Result "0-1"]
[WhiteElo "2317"]
[BlackElo "2178"]
[PlyCount "72"]
[EventDate "2021.07.26"]
[EventType "swiss"]
[EventRounds "9"]
[EventCountry "DEN"]

1. e4 c5 2. c3 d5 3. exd5 Qxd5 4. d4 cxd4 5. cxd4 Nc6 6. Nf3 e5 7. Nc3 Bb4 8.
Bd2 Bxc3 9. Bxc3 e4 10. Ne5 Nxe5 11. dxe5 Ne7 12. Qa4+ Bd7 13. Qa3 Qe6 14. Be2
O-O 15. Rd1 Bc6 16. Rd6 Qf5 17. Qc5 Ng6 18. O-O Nf4 19. Re1 Rae8 20. Qd4 Re6
21. Bf1 Rfe8 22. Re3 h5 23. b4 a6 24. a4 Bxa4 25. Rxe6 Nxe6 26. Qxe4 Qxe4 27.
Rxe4 Rc8 28. Rc4 Rd8 29. Re4 Rc8 30. Re3 Nf4 31. Be1 Rc1 32. Re4 Bc6 33. Re3
Nd5 34. Re2 Bb5 35. Re4 Nc3 36. Re3 Ne2+ 0-1

[Event "Aarhus Sommerskak 2021"]
[Site "Aarhus"]
[Date "2021.07.29"]
[Round "5"]
[White "Pedersen, Peer Ole"]
[Black "Ramsdal, Jens Albert"]
[Result "0-1"]
[WhiteElo "2081"]
[BlackElo "2282"]
[PlyCount "70"]
[EventDate "2021.07.26"]
[EventType "swiss"]
[EventRounds "9"]
[EventCountry "DEN"]

1. c4 b6 2. d4 Bb7 3. e3 Nf6 4. Nf3 e6 5. Bd3 d5 6. O-O dxc4 7. Bxc4 a6 8. b3
b5 9. Bd3 Nbd7 10. Nbd2 c5 11. Bb2 cxd4 12. exd4 Be7 13. Rc1 O-O 14. Re1 Nd5
15. Bb1 Qa5 16. Ne5 Nxe5 17. Rxe5 Bf6 18. Ne4 Bxe5 19. dxe5 Rac8 20. Rxc8 Rxc8
21. h3 Ba8 22. Kh2 Qc7 23. g3 Ne7 24. Nd6 Qc5 25. Bxh7+ Kf8 26. Qd2 Rc7 27. Qf4
Nd5 28. Qd2 g6 29. Qh6+ Ke7 30. Qh4+ Kd7 31. Bd4 Qc1 32. Nxf7 Ne7 33. g4 Qh1+
34. Kg3 Qf3+ 35. Kh2 Qg2# 0-1

[Event "Aarhus Sommerskak 2021"]
[Site "Aarhus"]
[Date "2021.07.30"]
[Round "5"]
[White "Koellner, Christoph"]
[Black "Olsson, William"]
[Result "1/2-1/2"]
[WhiteElo "2149"]
[BlackElo "2221"]
[PlyCount "167"]
[EventDate "2021.07.26"]
[EventType "swiss"]
[EventRounds "9"]
[EventCountry "DEN"]

1. d4 d5 2. c4 e6 3. Nc3 c6 4. e3 Nf6 5. Nf3 Nbd7 6. b3 Bb4 7. Bd2 O-O 8. a3
Bd6 9. Qc2 Qe7 10. Be2 b6 11. e4 dxe4 12. Nxe4 Nxe4 13. Qxe4 Bb7 14. Bc3 f5 15.
Qc2 c5 16. O-O Be4 17. Qd2 Rad8 18. b4 cxd4 19. Qxd4 Nf6 20. Qe3 Ng4 21. Qg5
Qf7 22. h3 Nf6 23. Bxf6 Qxf6 24. Qxf6 gxf6 25. Rfd1 Kf7 26. Ne1 Ke7 27. Kf1 Rc8
28. Ra2 Rc7 29. Nc2 a5 30. bxa5 bxa5 31. Nd4 Bc5 32. Nb5 Rb7 33. Rad2 Bc6 34.
Rd3 Rg8 35. Bf3 Bxf3 36. Rxf3 Rd7 37. Rxd7+ Kxd7 38. Rf4 Rg7 39. g3 Rg5 40. Rh4
Rg7 41. Rf4 Rg6 42. Rh4 h6 43. Rf4 Ke7 44. Ke2 Kf7 45. Rf3 Rg8 46. Rd3 Ke7 47.
Rf3 Rd8 48. Rf4 Kf7 49. g4 fxg4 50. Rxg4 f5 51. Rg3 Kf6 52. Rb3 Rg8 53. Rg3 Rg5
54. h4 Rg6 55. Kf3 e5 56. Rxg6+ Kxg6 57. Kg3 Kf6 58. f3 h5 59. a4 f4+ 60. Kg2
Bb4 61. Kf2 Kf5 62. Nc7 Be7 63. Na6 Bxh4+ 64. Kg2 Be7 65. Nc7 Bd8 66. Nb5 Bh4
67. Nc3 e4 68. fxe4+ Ke5 69. Kf3 Kd4 70. Nd5 Kxc4 71. Kxf4 Kb3 72. e5 Kxa4 73.
e6 Kb5 74. e7 Bxe7 75. Nxe7 a4 76. Nd5 a3 77. Nc3+ Kc4 78. Na2 Kb3 79. Nc1+ Kb2
80. Nd3+ Kc3 81. Nc1 h4 82. Kg4 h3 83. Kxh3 a2 84. Nxa2+ 1/2-1/2

[Event "Aarhus Sommerskak 2021"]
[Site "Aarhus"]
[Date "2021.07.29"]
[Round "5"]
[White "Rewitz, Poul"]
[Black "Georgescu, Lena"]
[Result "1/2-1/2"]
[WhiteElo "2289"]
[BlackElo "2257"]
[PlyCount "115"]
[EventDate "2021.07.26"]
[EventType "swiss"]
[EventRounds "9"]
[EventCountry "DEN"]

1. e4 e5 2. Nf3 Nc6 3. d4 exd4 4. Nxd4 Qf6 5. Nxc6 Bc5 6. Qd2 bxc6 7. Nc3 Ne7
8. Na4 Bb6 9. Bd3 d6 10. O-O O-O 11. Nxb6 axb6 12. Qg5 Qxg5 13. Bxg5 f6 14. Bd2
Ba6 15. Rfc1 c5 16. Bxa6 Rxa6 17. a3 Re8 18. f3 Nc6 19. Kf2 Rea8 20. g4 g5 21.
h4 h6 22. Rh1 Kg7 23. Rh2 Rh8 24. Rah1 Raa8 25. Bc3 Ne5 26. hxg5 hxg5 27. Rxh8
Rxh8 28. Rxh8 Kxh8 29. a4 Kg7 30. a5 bxa5 31. Bxa5 c6 32. Bc7 Nf7 33. Ke3 Kf8
34. b3 Ke7 35. f4 gxf4+ 36. Kxf4 Ke6 37. Ba5 Ng5 38. Be1 Nh3+ 39. Ke3 Ng5 40.
Bh4 Nf7 41. Bg3 Nh8 42. Kd3 Nf7 43. Ke3 Nh8 44. Bh2 Nf7 45. Bf4 Nh8 46. g5 fxg5
47. Bxg5 Nf7 48. Bf4 Ne5 49. Bxe5 Kxe5 50. c3 d5 51. exd5 cxd5 52. b4 cxb4 53.
cxb4 d4+ 54. Kd3 Kd5 55. b5 Kc5 56. b6 Kxb6 57. Kc4 d3 58. Kxd3 1/2-1/2

[Event "Aarhus Sommerskak 2021"]
[Site "Aarhus"]
[Date "2021.07.29"]
[Round "5"]
[White "Parra Becerra, Edgar Andre"]
[Black "Christensen, Jan Schleicher"]
[Result "0-1"]
[WhiteElo "2150"]
[BlackElo "2171"]
[PlyCount "42"]
[EventDate "2021.07.26"]
[EventType "swiss"]
[EventRounds "9"]
[EventCountry "DEN"]

1. Nf3 Nf6 2. c4 c5 3. g3 b6 4. Bg2 Bb7 5. O-O e6 6. Nc3 a6 7. Re1 d6 8. e4 Be7
9. d4 cxd4 10. Nxd4 Qc7 11. Be3 O-O 12. Rc1 Re8 13. f4 h5 14. h3 Nbd7 15. g4
hxg4 16. hxg4 Nc5 17. Bf2 d5 18. e5 Nfe4 19. cxd5 Nxf2 20. Kxf2 Bh4+ 21. Kf1
Bxe1 0-1

[Event "Aarhus Sommerskak 2021"]
[Site "Aarhus"]
[Date "2021.07.29"]
[Round "5"]
[White "Easwaralingam, Adesh"]
[Black "Koellner, Aaron Noah"]
[Result "1/2-1/2"]
[WhiteElo "2141"]
[BlackElo "2257"]
[PlyCount "110"]
[EventDate "2021.07.26"]
[EventType "swiss"]
[EventRounds "9"]
[EventCountry "DEN"]

1. e4 c5 2. Nf3 Nf6 3. Nc3 d5 4. e5 Ne4 5. Bb5+ Bd7 6. Qe2 Nxc3 7. dxc3 e6 8.
Bxd7+ Qxd7 9. O-O Nc6 10. c4 d4 11. Rd1 Qc7 12. Bd2 h6 13. c3 Rd8 14. Qe4 Be7
15. Be1 O-O 16. cxd4 cxd4 17. a3 Rd7 18. b4 Rfd8 19. Rd3 a5 20. Rb1 axb4 21.
axb4 Qb6 22. Bd2 Na5 23. c5 Bxc5 24. Ra3 Nc6 25. bxc5 Qxc5 26. Rab3 Rd5 27. Rc1
Qe7 28. h3 Qc7 29. Qg4 Kh7 30. Qe4+ Kg8 31. Qh4 d3 32. Rc4 b5 33. Rg4 Nxe5 34.
Nxe5 Qxe5 35. Qxh6 Rc5 36. Rg5 Qxg5 37. Qxg5 Rxg5 38. Bxg5 d2 39. Bxd2 Rxd2 40.
Rxb5 Rd1+ 41. Kh2 Kh7 42. g4 f6 43. Kg3 Rd3+ 44. Kg2 Rd4 45. Kg3 g5 46. f3 Rd3
47. Rb6 Re3 48. Kf2 Re5 49. Kg3 Kg6 50. h4 gxh4+ 51. Kxh4 Re3 52. Kg3 e5 53.
Rb4 Kg5 54. Rb5 Ra3 55. Rc5 Rb3 1/2-1/2

[Event "Aarhus Sommerskak 2021"]
[Site "Aarhus"]
[Date "2021.07.30"]
[Round "6"]
[White "Koellner, Ruben Gideon"]
[Black "Antonsen, Mikkel"]
[Result "1-0"]
[WhiteElo "2407"]
[BlackElo "2407"]
[PlyCount "80"]
[EventDate "2021.07.26"]
[EventType "swiss"]
[EventRounds "9"]
[EventCountry "DEN"]

1. d4 Nf6 2. Nf3 d5 3. e3 c5 4. c3 e6 5. Nbd2 Nbd7 6. Bd3 b6 7. e4 cxd4 8. Nxd4
Nc5 9. Qe2 Nxd3+ 10. Qxd3 e5 11. N4f3 Bd6 12. O-O Bb7 13. exd5 Bxd5 14. Ng5 e4
15. Qb5+ Kf8 16. c4 Bb7 17. Re1 Qe7 18. Nf1 h6 19. Nh3 g5 20. Ng3 Qe5 21. Qb3
g4 22. Nf4 h5 23. Nfe2 h4 24. Bf4 Qc5 25. Bxd6+ Qxd6 26. Nf5 Qe5 27. Ne3 Kg7
28. Rad1 Rad8 29. Qc3 Qxc3 30. Nxc3 Kg6 31. b4 Ba6 32. a4 Kg5 33. a5 Bb7 34.
axb6 axb6 35. Na4 Rd3 36. Nxb6 Rhd8 37. Ra1 h3 38. Ra7 Bc6 39. Rxf7 Kg6 40. Rc7
R8d6 1-0

[Event "Aarhus Sommerskak 2021"]
[Site "Aarhus"]
[Date "2021.07.30"]
[Round "6"]
[White "Berg, Klaus"]
[Black "Fries Nielsen, Jens Ove"]
[Result "1/2-1/2"]
[WhiteElo "2285"]
[BlackElo "2359"]
[PlyCount "21"]
[EventDate "2021.07.26"]
[EventType "swiss"]
[EventRounds "9"]
[EventCountry "DEN"]

1. d4 d5 2. Nf3 e6 3. c4 Nf6 4. cxd5 exd5 5. Nc3 c6 6. Bg5 Nbd7 7. e3 Be7 8.
Bd3 h6 9. Bh4 Nh5 10. Bxe7 Qxe7 11. O-O 1/2-1/2